header

Research in personnel and human resources management (Record no. 202250)

MARC details
000 -LEADER
fixed length control field 01404nam a2200325 a 4500
245 00 - TITLE STATEMENT
Title Research in personnel and human resources management
260 ## - PUBLICATION, DISTRIBUTION, ETC. (IMPRINT)
Place of publication Bingley, United Kingdom :
Name of publisher Emerald Group Publishing Limited,
Year of publication c2010.
300 ## - PHYSICAL DESCRIPTION
Number of Pages viii, 247 p.
490 1# - SERIES STATEMENT
Series statement Research in personnel and human resources management,
650 #0 - SUBJECT ADDED ENTRY--TOPICAL TERM
Topical Term Personnel management
700 1# - ADDED ENTRY--PERSONAL NAME
Personal name Liao, Hui.
Personal name Martocchio, Joseph J.
Personal name Joshi, Aparna.
856 40 - ELECTRONIC LOCATION AND ACCESS
Uniform Resource Identifier http://site.ebrary.com/lib/rucke/Doc?id=10400675

No items available.

© 2026 Rongo University
Contact us: librarian | system librarian | Rongo university